00934pab a2200181 454500008004000000100002100040245004400061260000900105300001300114362001200127520046400139650003700603650001000640650002200650650001400672700002200686773004400708180718b1995 xxu||||| |||| 00| 0 eng d aPanth, Ananth S. aFinances of Panchayati Raj institutions c1995 ap.68-77. aJan-Mar a"Endorsing the need for greater financial autonomy of PRIs, the authors analyse: (a) recommendations made by various committees on PRI finances, (b) existing instruments of inter-governmental financial transfers to PRIs, and (c) various provisions made in the 73rd Constitutional Amendment Act regarding: (1) PRIs' resource mobilisation, (2) periodical review of their financial position, and (3) their audit and accounts to ensure smooth functioning of PRIs" aConstitution - Amendments - 73rd aIndia aPanchayat - India aPanchayat aBohra, Om Prakash aIndian Journal of Public Administration